Premier League Teams 2013-14 - Statistics

General Stats
  • This quiz has been taken 218 times
  • The average score is 17 of 20
Answer Stats
Position Team % Correct
3 Manchester City
99%
4 Arsenal
98%
2 Chelsea
98%
1 Liverpool
98%
7 Manchester United
98%
6 Tottenham Hotspur
95%
5 Everton
92%
11 West Ham United
90%
9 Newcastle United
88%
19 Sunderland
83%
12 Aston Villa
82%
8 Southampton
81%
15 Norwich City
79%
17 West Bromwich Albion
77%
20 Fulham
75%
13 Swansea City
74%
16 Crystal Palace
73%
14 Hull City
68%
10 Stoke City
68%
18 Cardiff City
66%
No matching quizzes found
Score Distribution
Percent of People with Each Score
Percentile by Number Answered
Your Score History
You have not taken this quiz